| 000 | 00369nam a22001451a 4500 | ||
|---|---|---|---|
| 020 | _a9780415111287 | ||
| 082 |
_a306 _bDAV/S |
||
| 100 |
_aDavid Harris _9134759 |
||
| 245 |
_aA society of signs/ _cby David Harris |
||
| 260 |
_aLondon: _bRoutledge, _c1996. |
||
| 300 | _a234p. | ||
| 650 |
_aCultural Studies _9134760 |
||
| 650 |
_aSocial Sciences _9134761 |
||
| 942 | _cBK | ||
| 999 |
_c42839 _d42839 |
||